| 000 | 00767cam a2200241 i 4500 | ||
|---|---|---|---|
| 001 | 000001013 | ||
| 005 | 20200929145451.0 | ||
| 008 | 750305s1974 bcca b 000 0 eng | ||
| 020 |
_a0888940238 _a0888940688 _bpbk. |
||
| 040 |
_aDO-SdBNP _cDLC _dDLC |
||
| 043 | _an-cn-bc | ||
| 050 | 0 | 0 |
_aF1089.V3 _bT68 |
| 082 | _bT722v | ||
| 100 | 1 |
_aTouchie, Rodger. _93524 |
|
| 245 | 1 | 0 |
_aVancouver Island, portrait of a past / _cRodger Touchie. |
| 260 |
_aVancouver : _bJ. J. Douglas, _c1974. |
||
| 300 |
_a128 p. : _bil. ; _c29 cm. |
||
| 504 | _aBibliography: p. [6]. | ||
| 651 | 0 |
_aVancouver Island (B.C.{Rpara} _xHistory. _93525 |
|
| 650 | 0 |
_aIndians of north america _zBritish Columbia _zVancouver Island. _93526 |
|
| 910 | _aCatalogación por Copia / LC | ||
| 082 | 0 | 0 | _a971.1/34 |
| 999 |
_c992 _d992 |
||